| 000 | 03369nam0a2200505 4500 | ||
|---|---|---|---|
| 001 | RU\NLR\bibl\1494010 | ||
| 005 | 20250616013729.0 | ||
| 010 |
_a978-5-9985-0544-7 _bв обл. _97000 |
||
| 021 |
_aRU _b2010-9873 _9650 |
||
| 035 | _a(nilc)IZD\AZBUKA-М\2007\Т08114 | ||
| 035 | _aIZD\AZBUKA-М\2007\Т08114 | ||
| 035 | _a(NLR Aleph) 001485532 | ||
| 090 |
_a1730652 _c1730652 |
||
| 100 | _a20100125d2010 |||y0rusy50 ca | ||
| 101 | 0 | _arus | |
| 102 | _aRU | ||
| 105 | _ay z ||||| | ||
| 200 | 1 |
_aГимнастика чувств _eтренинг актерского мастерства _fС.В. Гиппиус |
|
| 205 | _a4-е изд. перераб. и дополн. | ||
| 210 |
_aСанкт-Петербург _cВеды _d2010 |
||
| 215 |
_a383 с. _d18 |
||
| 225 | 1 | _a100%-ный способ | |
| 300 | _aК юбилею авт. | ||
| 330 | _aЭто новое издание = четвертое, переработанное, дополненное и исправленное = той самой знаменитой <Гимнастики чувств>, по которой в течение 50 лет учились и учатся все актеры. Издание посвящается 85-летию со дня рождения С. В. Гиппиуса, одного из ведущих теоретиков и практиков преподавания актерского мастерства. Эта книга = плод полувекового труда автора, 400 удобно систематизированных, четко прописанных упражнений, направленных на развитие творческого аппарата, психологический тренинг актера. С момента выхода первого издания в 1967 году <Гимнастика чувств> постоянно широко используется не только театральными педагогами, но и многими преподавателями, психологами, актерами, ведущими любых тренингов. Книга впервые выпущена в удобном карманном формате и доступной по цене. | ||
| 517 | 0 | _aТренинг актерского мастерства | |
| 606 | 1 |
_aАктерское искусство _92100517 _3RU\NLR\auth\661270415 |
|
| 606 | 1 |
_aАктерское искусство _xПреподавание _92381052 _3RU\NLR\auth\661420626 |
|
| 606 | 1 |
_aАктерское искусство _xПсихологические основы _92372328 _3RU\NLR\auth\661415952 |
|
| 686 |
_a00161 _aПсихологические тренинги _2TCC-BG |
||
| 686 |
_a0873 _aТеатр _2TCC-BG |
||
| 686 |
_a85.330.76 _vLBC/LR _2rubbk |
||
| 686 |
_aЩ334.076.2я73-1 _2rubbk |
||
| 686 | _aЩ334.076 | ||
| 700 | 1 |
_aГиппиус _bС. В. _f1924-1981 _gСергей Васильевич _4070 |
|
| 801 | 0 |
_aRU _bЛИБНЕТ _c20100125 _gRCR |
|
| 801 | 1 |
_aRU _bЛИБНЕТ _c20100125 |
|
| 801 | 2 |
_aRU _bТверская ОУНБ _c20100227 |
|
| 801 | 2 |
_aRU _bРГБ _c20100212 |
|
| 801 | 2 |
_aRU _bNLR _c20100402 _grcr |
|
| 830 | _aавт. по кн. | ||
| 830 | _aCODE_OF_LIBNET\000046499 | ||
| 942 | _cBOOK | ||
| 980 | _aNB | ||